000 nam a22 7a 4500
999 _c127717
_d127717
008 180320b xxu||||| |||| 00| 0 eng d
050 _aPN6519.S35
_bP37
100 _aPampalk, Jose
_940795
245 _aMisangani
_bproverbios chisena
_cJose Pampalk
260 _aBeira
_bCentro de Formacao de Nazare
300 _a91p. ;
_c21cm.
650 _aProverbs, Sena
_940793
942 _2lcc
_cMONOGRAPH